| 000 | 00706nam a22001817a 4500 | ||
|---|---|---|---|
| 003 | OSt | ||
| 005 | 20260415192218.0 | ||
| 008 | 240821b ||||| |||| 00| 0 eng d | ||
| 040 | _c0 | ||
| 082 | _aDPer 510.5 Am351 June-August 2019 v. 141 n. 3-4 | ||
| 100 |
_aSchenck, Emmanuel. _eauthor. _958815 |
||
| 245 |
_aResonances near the real axis for manifolds with hyperbolic trapped sets / _cEmmanuel Schenck. |
||
| 260 |
_aBaltimore, Maryland U.S. ; _bJohns Hopkins University Press , _cJune 2019. |
||
| 300 |
_avolume 141, pages 757-756 ; _c26 cm. |
||
| 500 | _aAmerican Journal of Mathematics, vol. 141, no. 3, pages 737-756, June 2019. | ||
| 700 |
_aSchenck, Emmanuel. _eauthor. _958815 |
||
| 942 |
_2ddc _cPER |
||
| 999 |
_c20818 _d20818 |
||